1173 1511 1628 1549 1877 1632 1364 1894 1691 1252 1599 1555 1299 1349 1195 1019 1297 1508 1769 1734 1503 1921 1385 1754 1757 1001 1643 1129 1485 1513 1645 1047 1062 1868 1613 1477 1968 1982 1212 1428 1742 1325 1987 1326 1935 1151 1371 1522 1755 1265 1992 1483 1139 1311 1200 1321 1168 1326 1101 1626 1491 1614 1976 1295 1525 1097 1302 1475 1045 1793 1524 1187 1760 1848 1164 1897 1250 1517 1646 1957 1372 1688 1634 1116 1949 1925 1022 1165 1624 1644 1486 1444 1050 1964 1773 1868 1974 1820 1718 BCNSPRNW ULIB Ver.6.0+V

เปลี่ยนเป็นภาษาไทย

Change to English
 แสดงรายละเอียดบรรณานุกรม
  กลับหน้าหลัก

Brief Record : Get Marc (ISO 2709) : E-mail record : QR code < ปิดหน้าต่าง
LEADER : 00000nam 2200000uu 4500
001    13399126153
003     ULIB
008    180613s2559||||th 000 0 tha d
020    ^a9786164135581
050  0 ^aPE1131 ถ221ค
100    ^aถาวร วิมาน
245    ^aคู่มือสนทนาภาษาอาเซียนสำหรับอาชีพเฉพาะทางเลือก หมวด ภาษาอังกฤษเพื่อการประกอบอาชีพนวดแผนไทย
260    ^aกรุงเทพฯ :^bรุ่งศิลป์การพิิมพ์,^c2559
300    ^a140 หน้า ;^c21 ซม.
650    ^aภาษาอังกฤษ -- บทสนทนาและวลี
945    ^p250^l0^i004247
945    ^p250^l0^i004248
945    ^p250^l0^i004249
945    ^p250^l0^i004250
945    ^p250^l0^i004251
999    ^aประนอม เกษจรัล
รายการนี้ยังไม่มีแท็ก
คุณยังไม่ได้ล็อกอิน คุณสามารถมีกิจกรรมร่วมกับเว็บไซต์ได้ แต่ต้องล็อกอินก่อน ::
  ล็อกอิน

รายการสื่อสารสนเทศ

ลำดับที่ ประเภท เลขเรียก/บาร์โค้ด สถานที่ สถานะ
1. วิทยาศาสตร์การแพทย์ และสุขภาพ
หนังสือสำรอง
สถานะ=หนังสือสำรอง
PE1131 ถ221ค ฉ.1 
  Barcode: 004247
ห้องสมุดวิทยาเขตนครสวรรค์
►นวนิยาย:l:Fiction
บนชั้น
2. วิทยาศาสตร์การแพทย์ และสุขภาพ
วิทยาศาสตร์การแพทย์ และสุขภาพ
PE1131 ถ221ค ฉ.2 
  Barcode: 004248
ห้องสมุดวิทยาเขตนครสวรรค์
►นวนิยาย:l:Fiction
บนชั้น
3. วิทยาศาสตร์การแพทย์ และสุขภาพ
วิทยาศาสตร์การแพทย์ และสุขภาพ
PE1131 ถ221ค ฉ.3 
  Barcode: 004249
ห้องสมุดวิทยาเขตนครสวรรค์
►นวนิยาย:l:Fiction
บนชั้น
4. วิทยาศาสตร์การแพทย์ และสุขภาพ
วิทยาศาสตร์การแพทย์ และสุขภาพ
PE1131 ถ221ค ฉ.4 
  Barcode: 004250
ห้องสมุดวิทยาเขตนครสวรรค์
►นวนิยาย:l:Fiction
บนชั้น
5. วิทยาศาสตร์การแพทย์ และสุขภาพ
วิทยาศาสตร์การแพทย์ และสุขภาพ
PE1131 ถ221ค ฉ.5 
  Barcode: 004251
ห้องสมุดวิทยาเขตนครสวรรค์
►นวนิยาย:l:Fiction
บนชั้น

รายการใกล้เคียง
    ชื่อเรื่อง [คู่มือสนทนาภาษาอาเซียนสำหรับอาชีพเฉพาะทางเลือก หมวด ภาษาอังกฤษเพื่อการประกอบอาชีพนวดแผนไทย]

    ผู้แต่ง [ถาวร วิมาน]

    หัวเรื่อง [ภาษาอังกฤษ -- บทสนทนาและวลี]

BibComment


ยังไม่เคยถูกคอมเมนท์

คอมเมนท์ทรัพยากรรายการนี้
  คอมเมนท์: คู่มือสนทนาภาษาอ..


 Copyright 2026. Bcnsprnw @Library